Piłkarska kariera Michała Kucharczyka. - Statystyki

Ogólne statystyki
  • Ten quiz został rozwiązany 49 razy
  • Średni wynik to 3 z 6
Statystyki odpowiedzi
Lata Drużyna % Poprawnych
2009-2009 Legia Warszawa
100%
2010-2019 Legia Warszawa
100%
2020-teraz Pogoń Szczecin
85%
2019-2020 Ural
27%
2008-2009 Świt Nowy Dwór Mazowiecki
17%
2009-2010 Świt Nowy Dwór Mazowiecki
17%
Nie znaleziono quizów pasujących do podanych kryteriów
Rozkład punktacji
Procent ludzi z każdym wynikiem
Percentyl według liczby udzielonych odpowiedzi
Twoja historia wyników
Nie rozwiązałeś tego quizu